| 000 | 00647cab a22001815a 4500 | ||
|---|---|---|---|
| 001 | L144825 | ||
| 008 | 080812e20080718xxko f 000 0 eng d | ||
| 035 | _a(Sirsi) u144825 | ||
| 041 | 0 | _aeng | |
| 100 | 1 | _aMorris, Huw | |
| 245 | 0 | 0 | _aReducing the risk |
| 260 | _c2008 | ||
| 490 |
_aPlanning _v(1778) 18 July 2008, 16-18(3) |
||
| 520 | _aArticle looks at the register of heritage sites at risks and suggests that it should be used to promote positive action to protect neglected historical treasures. | ||
| 651 | 4 |
_aEngland and Wales _y1543- |
|
| 690 | _aBUILT ENVIRONMENT-BUILDING TYPES-ANCIENT MONUMENTS AND HISTORIC BUILDINGS | ||
| 942 | _n0 | ||
| 999 |
_c80606 _d80606 |
||